[Event "GER-ch U10"]
[Site "Oberhof"]
[Date "2011.06.18"]
[Round "11"]
[White "Piskaykin, Bogdan"]
[Black "Zieschank, Leon"]
[Result "1-0"]
[WhiteElo "1329"]
[BlackElo "1236"]
[PlyCount "27"]
[EventDate "2011.06.11"]
[EventType "swiss"]
[EventRounds "11"]
[EventCountry "GER"]
[SourceTitle "CBM 142 Extra"]
[Source "ChessBase"]
[SourceDate "2011.06.27"]
[SourceVersion "1"]
[SourceVersionDate "2011.06.27"]
[SourceQuality "1"]

1. e4 e5 2. Nf3 Nc6 3. Bb5 d6 4. d4 exd4 5. Nxd4 Bd7 6. Nc3 Nf6 7. Bxc6 bxc6 8. Qf3 c5 9. Nf5 Qc8 10. Bg5 Bxf5 11. exf5 Ng8 12. Qc6+ Qd7 13. Qxa8+ Qc8 14. Qxc8# 1-0

[Event "GER-ch U10"]
[Site "Oberhof"]
[Date "2011.06.13"]
[Round "3"]
[White "Demme, Miriam"]
[Black "Zieschank, Leon"]
[Result "0-1"]
[WhiteElo "1086"]
[BlackElo "1236"]
[PlyCount "78"]
[EventDate "2011.06.11"]
[EventType "swiss"]
[EventRounds "11"]
[EventCountry "GER"]
[SourceTitle "CBM 142 Extra"]
[Source "ChessBase"]
[SourceDate "2011.06.27"]
[SourceVersion "1"]
[SourceVersionDate "2011.06.27"]
[SourceQuality "1"]

1. e4 e5 2. Nf3 Nc6 3. d4 f6 4. d5 Nce7 5. Bb5 c6 6. Be2 d6 7. c4 cxd5 8. cxd5 f5 9. Bb5+ Bd7 10. Bxd7+ Qxd7 11. Nc3 h6 12. h4 Nf6 13. Qc2 fxe4 14. Nxe4 Nfxd5 15. Qd3 0-0-0 16. Qa3 Kb8 17. Bd2 Nf6 18. Nxf6 gxf6 19. Be3 Nc6 20. 0-0-0 d5 21. Qa4 d4 22. Rh3 Qc7 23. Bd2 Qd7 24. Ba5 Rc8 25. Kb1 Qf5+ 26. Ka1 Nxa5 27. Qxa5 Qc2 28. Rb1 Qxf2 29. Nxe5 Qxg2 30. Rf3 fxe5 31. Qxe5+ Ka8 32. Qxh8 Qxf3 33. Qxd4 Qc6 34. a3 Qa6 35. Qd7 Qc6 36. Qd2 Qc4 37. Rc1 Qxc1+ 38. Qxc1 Rxc1+ 39. Ka2 Rh1 0-1

[Event "Sachsen-ch U10"]
[Site "Sebnitz"]
[Date "2011.04.28"]
[Round "4"]
[White "Zienert, Richard"]
[Black "Zieschank, Leon"]
[Result "1-0"]
[WhiteElo "1233"]
[BlackElo "1104"]
[PlyCount "73"]
[EventDate "2011.04.26"]
[EventType "swiss"]
[EventRounds "7"]
[EventCountry "GER"]
[SourceTitle "EXT 2012"]
[Source "ChessBase"]
[SourceDate "2011.11.24"]
[SourceVersion "1"]
[SourceVersionDate "2011.11.24"]
[SourceQuality "1"]

1. e4 e5 2. Nf3 Nc6 3. Bb5 a6 4. Ba4 b5 5. Bb3 Bc5 6. 0-0 d6 7. h3 Nf6 8. d3 h6 9. c3 Bb6 10. a3 0-0 11. Nbd2 d5 12. Re1 d4 13. cxd4 Bxd4 14. Nf1 Re8 15. Qc2 Bb7 16. Ng3 Ne7 17. Be3 Bxe3 18. Rxe3 Ng6 19. Nf5 Bc8 20. Rc1 Ra7 21. Qc5 Rb7 22. Qc6 Ra7 23. N3h4 Nxh4 24. Nxh4 Be6 25. Bxe6 Rxe6 26. Qc5 Rb7 27. Nf5 Kh7 28. d4 exd4 29. Nxd4 Rxe4 30. Rxe4 Nxe4 31. Qf5+ g6 32. Qxe4 f5 33. Qxb7 Qxd4 34. Rxc7+ Qg7 35. Rxg7+ Kh8 36. Rxg6 b4 37. Qg7# 1-0